How I met your mother general knowledge quiz - Statistics

General Stats
  • This quiz has been taken 100 times
  • The average score is 23 of 34
Answer Stats
Hint Answer % Correct
How many times is Marshall allowed to slap Barney? 5
96%
What tattoo does Ted have to get tattoo removal surgery for? A butterfly
92%
By the end of season 4 Barney celebrates a milestone, how many women has he slept with? 200
90%
What is Robins stage name as a Canadian pop singer? Robin Sparkles
90%
What fruit does Ted mysteriously wake up to after a drunken night out? Pineapple
88%
What profession is Lily's doppelganger? A Stripper
83%
What instrument does Ted steal for Robin? a blue french horn
82%
What is the year Ted is narrating the story from? 2030
81%
When Ted and Barney take over Maclaren's bar what do they call it? Puzzles
81%
Where in New York does the show take place? Manhattan
79%
What life-size action figure does Barney have in his apartment? A Stormtrooper
78%
What is the name of the building GNB tear down? The Arcadian
78%
Which company did Ted, Marshall and Barney all work for at one point? Goliath National Bank
77%
Who does Ted wait for every halloween? The slutty pumpkin
77%
What is the name of the mother of Teds children? Tracy
76%
What’s the name of the gang’s most familiar bartender? Carl
74%
How often does the “naked man maneuver” work? 2 out of 3
73%
What was “eating a sandwich” actually a euphemism for? smoking weed
73%
What is Barney’s most hated nickname? Swarley
73%
What did Barney have to wear for a year after losing a bet? A ducky tie
71%
Who does Barney believe is his father? Bob Barker
71%
What profession is Barneys doppleganger? Doctor
71%
What is the name of Barney’s brother? James
69%
How long was Ted with Stella before proposing? 3 months
62%
What profession is Ted’s doppelganger? A Mexican wrestler
59%
What is the name of Barneys favourite strip club that Quinn works at? the lusty leopard
58%
What phrase does Robin constantly say that Teds students make into a game? But umm
53%
What is the name of the board game Marshall creates? Marshgammon
50%
Where did Barney first meet Ted and thus became friends with the group? a urinal
47%
What law school did Marshall attend at the start of the series? Columbia
44%
What college did Ted, Marshall and Lily all go to? Wesleyan University
37%
Ted and Barney harmonize with their future selves on a cover of which song? The Longest time
27%
What did Barney want to be when he was young? Magician
19%
How many cups of mayonnaise does Marshalls mum put in salad? 16 cups
15%
No matching quizzes found
Score Distribution
Percent of People with Each Score
Percentile by Number Answered
Your Score History
You have not taken this quiz